000 00535nam a2200193Ia 4500
005 20250923145311.0
008 008 250917s9999 xx 000 0 eng d
037 _aTextual
040 _aDSWL
_beng
_cDSWL
041 _aeng
_2eng
084 _aYX
_qDSWL
245 0 _aLegal Aid act 1974 Chapter 4
_cby Her Majesty's Stationery Office
260 _aLondon
_bHer Majesty's Stationery Office
_c1974
300 _a47 p.
365 _aINR
_b7 . 2
925 _g7 . 2
942 _cTEXL
_hYX
999 _c1449673
_d1449673